[Event "Veliko Tarnovo op"]
[Site "Veliko Tarnovo"]
[Date "2013.05.03"]
[Round "5"]
[White "Kazakov, Peter"]
[Black "Ninov, Dayan"]
[Result "1-0"]
[WhiteElo "2225"]
[BlackElo "2120"]
[PlyCount "52"]
[EventDate "2013.05.01"]
[EventType "swiss"]
[EventRounds "9"]
[EventCountry "BUL"]
[SourceTitle "CBM 154 Extra"]
[Source "ChessBase"]
[SourceDate "2013.06.25"]
[SourceVersion "2"]
[SourceVersionDate "2013.06.25"]
[SourceQuality "1"]

1. d4 Nf6 2. c4 c6 3. Nc3 d5 4. cxd5 cxd5 5. Nf3 Nc6 6. Bf4 e6 7. e3 a6 8. Rc1 Qb6 9. Bd3 Be7 10. 0-0 0-0 11. Na4 Qd8 12. Qb3 Nd7 13. e4 Nb4 14. Bc7 Qe8 15. e5 Nxd3 16. Qxd3 Nxe5 17. Bxe5 Qxa4 18. Rc7 Bd8 19. Rfc1 Bxc7 20. Ng5 f5 21. Rxc7 Bd7 22. b3 Qb4 23. Rxd7 Rfc8 24. Rxg7+ Kf8 25. Nxe6+ Ke8 26. Nc7+ Kd8 1-0

[Event "Novosibirsk Region-ch"]
[Site "Novosibirsk"]
[Date "2009.12.08"]
[Round "6"]
[White "Kazakov, Peter"]
[Black "Nikitin, Gennady Sergeevich"]
[Result "1-0"]
[WhiteElo "2302"]
[BlackElo "2120"]
[PlyCount "73"]
[EventDate "2009.12.04"]
[EventType "swiss"]
[EventRounds "9"]
[EventCountry "RUS"]
[SourceTitle "EXT 2011"]
[Source "ChessBase"]
[SourceDate "2010.11.26"]
[SourceVersion "1"]
[SourceVersionDate "2010.11.26"]
[SourceQuality "1"]

1. e4 c5 2. Nf3 d6 3. Nc3 Nf6 4. d4 cxd4 5. Nxd4 a6 6. Bg5 e6 7. f4 Nbd7 8. Qf3 Qc7 9. 0-0-0 b5 10. Bd3 Bb7 11. Rhe1 Qb6 12. Nb3 h6 13. Bxf6 Nxf6 14. g4 Nd7 15. Qh3 b4 16. Nd5 exd5 17. exd5+ Kd8 18. Bf5 Nf6 19. g5 Nxd5 20. Be4 Nc7 21. Bxb7 Qxb7 22. Qf5 Qc8 23. Qxf7 Qd7 24. Qg6 hxg5 25. fxg5 Kc8 26. h4 Rb8 27. Nc5 Qg4 28. Re8+ Nxe8 29. Qxe8+ Kc7 30. Nxa6+ Kb7 31. Qb5+ Ka7 32. Nxb8 Qc8 33. Nc6+ Ka8 34. Qa5+ Kb7 35. Nd8+ Kb8 36. Qb6+ Ka8 37. Rd5 1-0

[Event "Novosibirsk-ch op"]
[Site "Novosibirsk"]
[Date "2009.02.22"]
[Round "5"]
[White "Kazakov, Peter"]
[Black "Giljazitdinov, Eduard"]
[Result "1/2-1/2"]
[WhiteElo "2332"]
[BlackElo "2141"]
[PlyCount "48"]
[EventDate "2009.02.18"]
[EventType "swiss"]
[EventRounds "9"]
[EventCountry "RUS"]
[SourceTitle "CBM 129 Extra"]
[Source "ChessBase"]
[SourceDate "2009.05.05"]
[SourceVersion "2"]
[SourceVersionDate "2009.05.20"]
[SourceQuality "1"]

1. e4 e5 2. Bc4 Nf6 3. d3 Bc5 4. Nf3 d6 5. Nbd2 a6 6. c3 Nc6 7. Bb3 Ba7 8. h3 h6 9. Nf1 d5 10. Qe2 0-0 11. Ng3 Re8 12. 0-0 Be6 13. Nh4 Nxe4 14. dxe4 Qxh4 15. exd5 Bxh3 16. dxc6 Qxg3 17. Qe4 bxc6 18. Be3 Bxe3 19. fxe3 Be6 20. Rf3 Qg5 21. Qxc6 e4 22. Rf4 Qg3 23. Rxe4 Qd6 24. Qxd6 cxd6 1/2-1/2

[Event "Novosibirsk Region-ch final"]
[Site "Novosibirsk"]
[Date "2008.12.06"]
[Round "2"]
[White "Kazakov, Peter"]
[Black "Kuzmin, Georgy"]
[Result "0-1"]
[WhiteElo "2363"]
[BlackElo "1872"]
[PlyCount "76"]
[EventDate "2008.12.05"]
[EventType "swiss"]
[EventRounds "9"]
[EventCountry "RUS"]
[SourceTitle "EXT 2010"]
[Source "ChessBase"]
[SourceDate "2010.11.25"]
[SourceVersion "1"]
[SourceVersionDate "2010.11.25"]
[SourceQuality "1"]

1. e4 e5 2. f4 exf4 3. Bc4 c6 4. Nc3 Nf6 5. Qe2 d6 6. d4 Be7 7. e5 dxe5 8. dxe5 Nd5 9. Bxd5 cxd5 10. Qb5+ Nc6 11. Qxd5 Be6 12. Qxd8+ Rxd8 13. Bxf4 0-0 14. Nf3 Bb4 15. 0-0 Bxc3 16. bxc3 Rd7 17. a4 Rc8 18. Rfd1 Rxd1+ 19. Rxd1 Ne7 20. Be3 Nd5 21. Bxa7 Nxc3 22. Ra1 Ra8 23. Bd4 Nxa4 24. Rb1 b6 25. Rb4 Ra6 26. Kf2 h6 27. Rb5 Bc4 28. Rb4 Be6 29. Nd2 Nc5 30. Ke3 Kh7 31. Ne4 Nxe4 32. Kxe4 Ra2 33. Bb2 Ra6 34. g3 Kg8 35. h4 Bd7 36. Kd5 b5 37. Bd4 Be6+ 38. Ke4 Bc4 0-1

[Event "Izmailov Memorial op 11th"]
[Site "Tomsk"]
[Date "2007.??.??"]
[Round "?"]
[White "Kazakov, Peter"]
[Black "Belmeskin, Ilia"]
[Result "1/2-1/2"]
[WhiteElo "2409"]
[BlackElo "2131"]
[PlyCount "24"]
[EventDate "2007.06.25"]
[EventType "swiss"]
[EventRounds "9"]
[EventCountry "RUS"]
[SourceTitle "EXT 2008"]
[Source "ChessBase"]
[SourceDate "2007.11.25"]
[SourceVersion "1"]
[SourceVersionDate "2007.11.25"]
[SourceQuality "1"]

1. e4 e5 2. Nf3 Nf6 3. Nxe5 d6 4. Nf3 Nxe4 5. Qe2 Qe7 6. d3 Nf6 7. Qxe7+ Bxe7 8. Be2 c6 9. c3 Na6 10. Na3 Be6 11. Be3 Nc7 12. Nc2 Kd7 1/2-1/2

[Event "Izmailov Memorial op 11th"]
[Site "Tomsk"]
[Date "2007.??.??"]
[Round "?"]
[White "Kineva, Ekaterina"]
[Black "Kazakov, Peter"]
[Result "1/2-1/2"]
[WhiteElo "2190"]
[BlackElo "2409"]
[PlyCount "28"]
[EventDate "2007.06.25"]
[EventType "swiss"]
[EventRounds "9"]
[EventCountry "RUS"]
[SourceTitle "EXT 2008"]
[Source "ChessBase"]
[SourceDate "2007.11.25"]
[SourceVersion "1"]
[SourceVersionDate "2007.11.25"]
[SourceQuality "1"]

1. e4 e5 2. Nf3 d6 3. d4 Nc6 4. dxe5 Nxe5 5. Nxe5 dxe5 6. Qxd8+ Kxd8 7. Bc4 Be6 8. Bxe6 fxe6 9. Bg5+ Be7 10. Bxe7+ Kxe7 11. Nc3 Nf6 12. 0-0-0 Rhd8 13. h3 Rxd1+ 14. Rxd1 Rd8 1/2-1/2

[Event "Internet Section 10B g/8'+2\""]
[Site "Dos Hermanas"]
[Date "2004.03.11"]
[Round "2"]
[White "Kazakov, Peter"]
[Black "Giaccio, Alfredo Gustavo"]
[Result "0-1"]
[WhiteElo "2419"]
[BlackElo "2470"]
[PlyCount "76"]
[EventDate "2004.03.10"]
[EventType "swiss (blitz)"]
[EventRounds "9"]
[EventCountry "ESP"]
[SourceTitle "EXT 2005"]
[Source "ChessBase"]
[SourceDate "2004.11.15"]
[SourceVersion "1"]
[SourceVersionDate "2004.11.15"]
[SourceQuality "1"]

1. e4 e6 2. d3 d5 3. Nd2 Nf6 4. g3 b6 5. Bg2 Bb7 6. e5 Nfd7 7. Ngf3 c5 8. 0-0 Nc6 9. Re1 Qc7 10. Qe2 Be7 11. c3 g5 12. Nf1 g4 13. Ng5 Qxe5 14. Qd1 Qf5 15. Ne3 Qxg5 16. Nxd5 Qg6 17. Nc7+ Kf8 18. Nxa8 Bxa8 19. Qa4 e5 20. d4 cxd4 21. cxd4 Kg7 22. d5 Nc5 23. Qc4 Nd4 24. Rxe5 Nf5 25. b4 Bf6 26. Rxf5 Qxf5 27. Rb1 Qxb1 28. Qxg4+ Qg6 29. Qc4 Nd7 30. Be4 Ne5 31. Qe2 Qg4 32. f3 Qc8 33. f4 Qxc1+ 34. Kg2 Ng6 35. f5 Re8 36. fxg6 hxg6 37. Qd3 Qb2+ 38. Kh3 Qd4 0-1

[Event "Internet Section 10B g/8'+2\""]
[Site "Dos Hermanas"]
[Date "2004.03.11"]
[Round "5"]
[White "Pruess, David"]
[Black "Kazakov, Peter"]
[Result "0-1"]
[WhiteElo "2383"]
[BlackElo "2419"]
[PlyCount "54"]
[EventDate "2004.03.10"]
[EventType "swiss (blitz)"]
[EventRounds "9"]
[EventCountry "ESP"]
[SourceTitle "EXT 2005"]
[Source "ChessBase"]
[SourceDate "2004.11.15"]
[SourceVersion "1"]
[SourceVersionDate "2004.11.15"]
[SourceQuality "1"]

1. e4 e5 2. f4 d5 3. exd5 e4 4. d3 e3 5. Bxe3 Nf6 6. c4 Bb4+ 7. Nc3 0-0 8. Be2 Re8 9. Bd2 Bg4 10. Qc2 c6 11. 0-0-0 cxd5 12. Nxd5 Nxd5 13. cxd5 Bxe2 14. Bxb4 Bxd1 15. Kxd1 Qxd5 16. a3 Nc6 17. Bc3 Nd4 18. Qf2 Rad8 19. Kd2 Nb3+ 20. Kc2 Nc5 21. d4 Ne4 22. Qf3 Qf5 23. Kd1 Nxc3+ 24. bxc3 Qb1+ 25. Kd2 Re1 26. Qf2 Rd1+ 27. Ke2 Qd3# 0-1

[Event "RUS Cup final 6th"]
[Site "Nefteyugansk"]
[Date "2002.10.13"]
[Round "10"]
[White "Burmakin, Vladimir"]
[Black "Kazakov, Peter"]
[Result "1-0"]
[WhiteElo "2581"]
[BlackElo "2424"]
[PlyCount "105"]
[EventDate "2002.10.06"]
[EventType "tourn"]
[EventRounds "11"]
[EventCountry "RUS"]
[EventCategory "11"]
[SourceTitle "CBM 092"]
[Source "ChessBase"]
[SourceDate "2003.02.06"]
[SourceVersion "1"]
[SourceVersionDate "2003.02.06"]
[SourceQuality "1"]

1. d4 d5 2. c4 e6 3. Nf3 c6 4. Qc2 f5 5. Bf4 Nf6 6. e3 Be7 7. Nc3 0-0 8. h3 Ne4 9. Be2 Bd7 10. g4 Be8 11. gxf5 exf5 12. cxd5 Nxc3 13. bxc3 cxd5 14. Rb1 Bc6 15. Bd3 Qd7 16. Rg1 Qe6 17. Be5 g6 18. Ng5 Bxg5 19. Rxg5 Nd7 20. Bf4 Kf7 21. Kd2 h6 22. Rg2 Nb6 23. Rbg1 Rg8 24. Bxh6 Nc4+ 25. Bxc4 dxc4 26. Rg3 Be4 27. Qb2 Qa6 28. f3 Bd3 29. a4 Rad8 30. Bf4 Qxa4 31. Ra1 Qc6 32. Rxa7 Rd7 33. h4 Rh8 34. Rh3 Bf1 35. Rg3 Rxh4 36. Qb4 Rh8 37. Ke1 Bd3 38. Kf2 Rh1 39. Ra8 Re7 40. Bg5 Re8 41. Rxe8 Qxe8 42. Qxb7+ Kg8 43. Bf6 Rh2+ 44. Kg1 Rh7 45. Qd5+ Kf8 46. Be5 f4 47. Bxf4 Rh5 48. Bd6+ Kg7 49. Be5+ Kh6 50. e4 Qf8 51. Qe6 Rg5 52. Rxg5 Kxg5 53. Qg4+ 1-0

[Event "RUS-Cup03"]
[Site "Tomsk"]
[Date "2002.07.16"]
[Round "9"]
[White "Bocharov, Dmitry"]
[Black "Kazakov, Peter"]
[Result "1-0"]
[WhiteElo "2475"]
[BlackElo "2424"]
[PlyCount "89"]
[EventDate "2002.07.08"]
[EventType "swiss"]
[EventRounds "9"]
[EventCountry "RUS"]
[SourceTitle "CBM 089 Extra"]
[Source "ChessBase"]
[SourceDate "2002.09.10"]
[SourceVersion "2"]
[SourceVersionDate "2002.09.10"]
[SourceQuality "1"]

1. d4 d5 2. c4 c6 3. Nf3 e6 4. Nc3 f5 5. Bf4 Nf6 6. e3 Bd6 7. Bd3 0-0 8. 0-0 Qe7 9. c5 Bxf4 10. exf4 b6 11. b4 Ne4 12. Qc2 a5 13. Na4 axb4 14. Nxb6 Ra3 15. Ne5 Qa7 16. Bxe4 fxe4 17. Qb2 Ba6 18. Rfe1 Rxf4 19. Qxb4 Bb5 20. Qd2 Rf8 21. Re3 Qa6 22. Rxa3 Qxa3 23. Rb1 Qa7 24. a4 Ba6 25. h3 Qe7 26. Rb3 Qh4 27. Rg3 Rf5 28. Qe3 Qe7 29. Kh2 Qc7 30. Rg5 Rf8 31. Kg1 Qe7 32. Rg3 Rf5 33. f3 exf3 34. Rxf3 Rf6 35. Qg5 Kf8 36. Rf4 Ke8 37. Ng4 Rf7 38. Qe5 Nd7 39. Nxd7 Qxd7 40. Rxf7 Kxf7 41. Qb8 Qb7 42. Ne5+ Ke7 43. Qd6+ Kf6 44. Qf8+ Kg5 45. h4+ 1-0

[Event "RUS-Cup03"]
[Site "Tomsk"]
[Date "2002.07.15"]
[Round "8"]
[White "Kazakov, Peter"]
[Black "Voinov, Alexandr"]
[Result "1-0"]
[WhiteElo "2424"]
[BlackElo "2304"]
[PlyCount "75"]
[EventDate "2002.07.08"]
[EventType "swiss"]
[EventRounds "9"]
[EventCountry "RUS"]
[SourceTitle "CBM 089 Extra"]
[Source "ChessBase"]
[SourceDate "2002.09.10"]
[SourceVersion "2"]
[SourceVersionDate "2002.09.10"]
[SourceQuality "1"]

1. e4 d6 2. d4 Nf6 3. Nc3 e5 4. dxe5 dxe5 5. Qxd8+ Kxd8 6. Bc4 Be6 7. Bxe6 fxe6 8. f3 Bd6 9. Be3 Ke7 10. 0-0-0 Nc6 11. Nge2 Rhb8 12. Rd2 h6 13. Rhd1 a6 14. Na4 b5 15. Nc5 Nd4 16. c3 Nxe2+ 17. Rxe2 Nd7 18. Nxd7 Kxd7 19. Red2 Kc6 20. Rc2 a5 21. Rd3 Rd8 22. Rcd2 Be7 23. Kc2 Rxd3 24. Rxd3 Rd8 25. Rxd8 Bxd8 26. c4 Be7 27. cxb5+ Kxb5 28. b3 Ba3 29. Kd3 Bb2 30. a4+ Kb4 31. Kc2 Bc3 32. Bc1 Be1 33. Bb2 g6 34. Bxe5 c6 35. Bd6+ c5 36. Be5 h5 37. g4 h4 38. h3 1-0

[Event "RUS-Cup03"]
[Site "Tomsk"]
[Date "2002.07.12"]
[Round "5"]
[White "Kazakov, Peter"]
[Black "Saveljev, Vladislav"]
[Result "1-0"]
[WhiteElo "2424"]
[BlackElo "2265"]
[PlyCount "81"]
[EventDate "2002.07.08"]
[EventType "swiss"]
[EventRounds "9"]
[EventCountry "RUS"]
[SourceTitle "CBM 089 Extra"]
[Source "ChessBase"]
[SourceDate "2002.09.10"]
[SourceVersion "2"]
[SourceVersionDate "2002.09.10"]
[SourceQuality "1"]

1. Nf3 d5 2. g3 c6 3. Bg2 Bf5 4. 0-0 e6 5. b3 Nd7 6. Bb2 h6 7. d3 Ngf6 8. c4 Be7 9. Nbd2 0-0 10. Qc2 Bh7 11. Rac1 a5 12. e4 a4 13. Bc3 axb3 14. axb3 dxe4 15. Nxe4 Nxe4 16. dxe4 Bf6 17. Rfd1 Bxc3 18. Qxc3 Qe7 19. Nd2 Rfd8 20. e5 Nc5 21. Ra1 Rxa1 22. Rxa1 Qc7 23. Qe3 Nd3 24. f4 Nb4 25. Ra4 Nc2 26. Qf2 Qd7 27. c5 Bd3 28. Ra2 Bg6 29. Nf1 Qd3 30. h4 Qxb3 31. Ra7 Bd3 32. Nd2 Qb4 33. h5 Nd4 34. Kh2 Qxc5 35. Rxb7 Qc2 36. g4 c5 37. g5 hxg5 38. fxg5 Bf5 39. g6 fxg6 40. Qh4 Rf8 41. Qe7 1-0

[Event "RUS-ch sf"]
[Site "Novosibirsk"]
[Date "2002.??.??"]
[Round "5"]
[White "Kazakov, Peter"]
[Black "Nigametzianov, Mikhail"]
[Result "1/2-1/2"]
[WhiteElo "2363"]
[BlackElo "2254"]
[PlyCount "105"]
[EventDate "2002.??.??"]
[EventType "swiss"]
[EventRounds "9"]
[EventCountry "RUS"]
[SourceTitle "EXT 2007"]
[Source "ChessBase"]
[SourceDate "2006.11.23"]
[SourceVersion "1"]
[SourceVersionDate "2006.11.23"]
[SourceQuality "1"]

1. e4 c6 2. d4 d5 3. e5 Bf5 4. Nc3 h5 5. h4 e6 6. Nge2 g6 7. Ng3 Ne7 8. Bg5 Qb6 9. Na4 Qa5+ 10. c3 Nd7 11. b4 Qc7 12. Nc5 Nxc5 13. bxc5 Bg7 14. Bd3 Bxd3 15. Qxd3 b6 16. cxb6 axb6 17. 0-0 b5 18. Qc2 Ra4 19. Ne2 0-0 20. Nf4 c5 21. Qd3 c4 22. Qc2 Nf5 23. Rfb1 Qa5 24. Ne2 Ra8 25. a3 Bf8 26. Ng3 Ng7 27. Bf6 Ne8 28. Qd2 Kh7 29. Qc2 Nxf6 30. exf6 Kg8 31. Qd2 Kh7 32. Qc2 Rxa3 33. Rxa3 Qxa3 34. Nxh5 Qa2 35. Qd1 b4 36. Nf4 b3 37. h5 g5 38. Nh3 Bh6 39. g4 Kg8 40. Kg2 Ra3 41. Ng1 Bf8 42. Qc1 Bh6 43. Nf3 Ra8 44. Ne5 Qe2 45. Rb2 Qe4+ 46. Kh3 Ra2 47. f3 Qf4 48. Qb1 Rxb2 49. Qxb2 Qe3 50. Qa3 Qg1 51. Qa4 Qh1+ 52. Kg3 Qg1+ 53. Kh3 1/2-1/2

[Event "RUS-ch sf"]
[Site "Novosibirsk"]
[Date "2002.??.??"]
[Round "2"]
[White "Malezkey, Vladimir"]
[Black "Kazakov, Peter"]
[Result "0-1"]
[WhiteElo "2048"]
[BlackElo "2363"]
[PlyCount "40"]
[EventDate "2002.??.??"]
[EventType "swiss"]
[EventRounds "9"]
[EventCountry "RUS"]
[SourceTitle "EXT 2007"]
[Source "ChessBase"]
[SourceDate "2006.11.23"]
[SourceVersion "1"]
[SourceVersionDate "2006.11.23"]
[SourceQuality "1"]

1. d4 d5 2. c4 Bf5 3. Nf3 e6 4. g3 c6 5. Bg2 Nf6 6. 0-0 Nbd7 7. Nc3 Be7 8. Nd2 0-0 9. e4 dxe4 10. Ndxe4 Nxe4 11. Nxe4 Nf6 12. Nc3 Qb6 13. b3 Rad8 14. Be3 Ng4 15. Qe2 Nxe3 16. fxe3 Bg6 17. Rad1 Qc7 18. Kh1 h5 19. Qf2 h4 20. g4 Ba3 0-1